| 000 | 00937nam a2200289 i 4500 | ||
|---|---|---|---|
| 001 | 200439119 | ||
| 003 | TR-AnTOB | ||
| 005 | 20240510150939.0 | ||
| 007 | ta | ||
| 008 | 210121s tu 00| 0 tur d | ||
| 040 |
_aTR-AnTOB _beng _erda _cTR-AnTOB |
||
| 041 | 0 | _atur | |
| 050 | 4 |
_aHC493.I96 _bİ965 1996 |
|
| 090 |
_aHC493.I96 _bİ965 1996 |
||
| 245 | 0 | 0 |
_aİzmir stratejik planı : _b(1996-2002) : kalkışa geçiş dönemi. |
| 264 | 1 |
_aİzmir : _bİzmir Ticaret Odası, _c[date of publication not identified] |
|
| 300 |
_a225 pages : _bmaps ; _c33 cm. |
||
| 336 |
_2rdacontent _atext _btxt |
||
| 337 |
_2rdamedia _aunmediated _bn |
||
| 338 |
_2rdacarrier _avolume _bnc |
||
| 651 | 7 |
_aİzmir (Türkiye) _xEkonomik durum _2etuturkob _957141 |
|
| 651 | 7 |
_aİzmir (Türkiye) _xEkonomi politikası _2etuturkob _9126159 |
|
| 710 | 2 |
_aİzmir Ticaret Odası _957135 |
|
| 942 |
_2lcc _cBK |
||
| 999 |
_c200439119 _d57331 |
||